Statistics for Harry Potter species

Click here to take the quiz!

General Stats

  • This quiz has been taken 60 times
    (48 since last reset)
  • The average score is 10 of 10

Answer Stats

Hint Answer % Correct
Harry Potterwizard
100%
Rubeus Hagridhalf-giant
98%
Dobbyhouse-elf
98%
Aragogacromantula
98%
Norbertdragon
98%
Grawpgiant
95%
Fawkesphoenix
95%
Firenzecentaur
93%
Buckbeakhippogriff
90%
Griphookgoblin
88%

Score Distribution

Percentile by Number Answered

Percent of People with Each Score

Your Score History

You have not taken this quiz since the last reset